Comuni della Provincia di Varese (con mappa) - Statistics

Statistiche generali
  • Questo quiz è stato fatto 194 volte
  • Il punteggio medio è 53 su 136
Risposte nella Mappa
Le risposte nella mappa del quiz sottostante sono codificate secondo una scala di colori dal rosso al verde in base alla % di persone che hanno risposto correttamente.
 
Statistiche sulle risposte
Risposta % Corretto
Varese
100%
Busto Arsizio
88%
Gallarate
88%
Saronno
78%
Luino
76%
Castellanza
69%
Tradate
68%
Gavirate
63%
Laveno-Mombello
63%
Malnate
63%
Angera
61%
Porto Ceresio
61%
Sesto Calende
61%
Induno Olona
59%
Ferno
56%
Jerago con Orago
56%
Somma Lombardo
56%
Caronno Pertusella
53%
Cittiglio
53%
Gorla Maggiore
53%
Gorla Minore
53%
Lonate Pozzolo
53%
Cassano Magnago
51%
Lavena Ponte Tresa
51%
Maccagno con Pino e Veddasca
51%
Origgio
51%
Solbiate Arno
51%
Uboldo
51%
Vergiate
51%
Cislago
49%
Ispra
49%
Solbiate Olona
49%
Venegono Superiore
49%
Fagnano Olona
47%
Olgiate Olona
47%
Venegono Inferiore
47%
Besozzo
46%
Besnate
44%
Castiglione Olona
44%
Cocquio-Trevisago
44%
Gazzada Schianno
44%
Viggiù
44%
Albizzate
42%
Brebbia
42%
Buguggiate
42%
Cairate
42%
Cantello
42%
Castronno
42%
Gerenzano
42%
Vedano Olona
42%
Arcisate
41%
Azzate
41%
Barasso
41%
Cardano al Campo
41%
Comerio
41%
Luvinate
41%
Marnate
41%
Porto Valtravaglia
41%
Samarate
41%
Daverio
39%
Travedona-Monate
39%
Cuveglio
37%
Gemonio
37%
Lonate Ceppino
37%
Lozza
37%
Morazzone
37%
Ranco
37%
Bodio Lomnago
36%
Casciago
36%
Cavaria con Premezzo
36%
Leggiuno
36%
Agra
34%
Biandronno
34%
Brinzio
34%
Cadrezzate con Osmate
34%
Caronno Varesino
34%
Cuasso al Monte
34%
Germignaga
34%
Castelseprio
32%
Castelveccana
32%
Comabbio
32%
Gornate-Olona
32%
Marchirolo
32%
Taino
32%
Varano Borghi
32%
Vizzola Ticino
32%
Cuvio
31%
Dumenza
31%
Golasecca
31%
Mornago
31%
Orino
31%
Ternate
31%
Valganna
31%
Arsago Seprio
29%
Bardello con Malgesso e Bregano
29%
Bisuschio
29%
Caravate
29%
Carnago
29%
Cunardo
29%
Marzio
29%
Mesenzana
29%
Monvalle
29%
Oggiona con Santo Stefano
29%
Tronzano Lago Maggiore
29%
Brenta
27%
Brezzo di Bedero
27%
Brunello
27%
Brusimpiano
27%
Casale Litta
27%
Casorate Sempione
27%
Cazzago Brabbia
27%
Crosio della Valle
27%
Ferrera di Varese
27%
Galliate Lombardo
27%
Sumirago
27%
Bedero Valcuvia
25%
Casalzuigno
25%
Castello Cabiaglio
25%
Clivio
25%
Mercallo
25%
Besano
24%
Cadegliano-Viconago
24%
Cremenaga
24%
Cugliate-Fabiasco
24%
Duno
24%
Grantola
24%
Montegrino Valtravaglia
24%
Rancio Valcuvia
24%
Azzio
22%
Brissago-Valtravaglia
20%
Curiglia con Monteviasco
20%
Inarzo
20%
Sangiano
20%
Masciago Primo
17%
Saltrio
17%
Cassano Valcuvia
15%
Nessun quiz corrispondente trovato
Distribuzione punteggi
Percentuale di utenti per punteggio
Percentile per numero di risposta
I tuoi punteggi nel tempo
Non hai fatto questo quiz